Mecánica de fluidos e hidráulica / Carlos Artur, Duarte Agudelo (Registro nro. 11415)

Detalles MARC
000 -LEADER
fixed length control field 00553nam a22001931a 4500
001 - CONTROL NUMBER
control field 11415
003 - CONTROL NUMBER IDENTIFIER
control field OSt
005 - DATE AND TIME OF LATEST TRANSACTION
control field 20260204212241.0
008 - FIXED-LENGTH DATA ELEMENTS--GENERAL INFORMATION
fixed length control field 121003s2011||||ck ||||||b||||||||||spa||
020 ## - NUMERO DE LIBRO INTERNACIONAL NORMALIZADO
International Standard Book Number 9789587196849
050 ## - LIBRARY OF CONGRESS CALL NUMBER
Classification number 532 D85m
100 ## - ASIENTO PRINCIPAL -- NOMBRE PERSONAL
Personal name Duarte Agudelo, Carlos Arturo
245 ## - TÍTULO PROPIAMENTE DICHO: SUBTÍTULO
Title Mecánica de fluidos e hidráulica / Carlos Artur, Duarte Agudelo
264 ## - PRODUCTION, PUBLICATION, DISTRIBUTION, MANUFACTURE, AND COPYRIGHT NOTICE
Place of production, publication, distribution, manufacture Colombia : Universidad nacional de Colombia
300 ## - PHYSICAL DESCRIPTION
Extensión 922 P
500 ## - GENERAL NOTE
General note Incluye Bibliografía
650 ## - ASIENTO SECUNDARIO DE MATERIA -- TERMINO TEMÁTICO
Termino Temático Como Elemento de Entrada 1 Mecánica de fluidos2 HidráulicaÌ
942 ## - ADDED ENTRY ELEMENTS (KOHA)
Source of classification or shelving scheme Dewey Decimal Classification
Koha item type Libros
Existencias
Withdrawn status Lost status Source of classification or shelving scheme Damaged status Not for loan Current library Date acquired Total Checkouts Full call number Barcode Date last seen Price effective from Koha item type
    Dewey Decimal Classification     Biblioteca UTECO 09/09/2019   532 D85M 016283 09/09/2019 09/09/2019 Libros
    Dewey Decimal Classification     Biblioteca UTECO 09/09/2019   532 D85M 016284 09/09/2019 09/09/2019 Libros
    Dewey Decimal Classification     Biblioteca UTECO 09/09/2019   532 D85M 016285 09/09/2019 09/09/2019 Libros
© 2021 Derechos Reservados UTECO - Teléfono: +1 809-585-2291 - Correo electrónico: biblioteca@uteco.edu.do​  
Código postal 43000 ​​
Dirección: Avenida Universitaria No. 100, 
Cotuí, Provincia Sánchez Ramírez, República Dominicana - RNC: 404-00059-6